00622nam a2200181Ia 4500008004100000020001800041041000800059082001700067100001100084245006200095260001900157300001600176650002500192650001600217906007800233999001900311952011000330210719s2005 xx 000 0 und d a92-806-3817-3 aeng a362.795 UNIS aUNICEF aState of the worlds children 2005: childhood under threat aNew Yorkc2005 avii,152bPB aProblems of Children aSocial Work a2005: ; childhood ; children ; of ; State ; the ; threat ; under ; worlds c214496d214496 001040708Social WorkaALbALd2007-10-27l0o362.795 UNISpD03108r2021-07-19 00:00:00w2021-07-19yDB